Central Library OPAC University of Rajshahi

The third British empire : (Record no. 24719)

MARC details
000 -LEADER
fixed length control field 01012cam a22002892 4500
001 - CONTROL NUMBER
control field 24719
003 - CONTROL NUMBER IDENTIFIER
rucl marc code BD-RjUL
005 - DATE AND TIME OF LATEST TRANSACTION
control field 20211209001105.0
008 - FIXED-LENGTH DATA ELEMENTS--GENERAL INFORMATION
fixed length control field 140315s1934 enk 000 0 eng
035 ## - SYSTEM CONTROL NUMBER
System control number (BD-RjUL)24788
040 ## - CATALOGING SOURCE
Original cataloging agency DLC
Transcribing agency CLE
Modifying agency SER
-- EQO
-- BD-RjUL
Language of cataloging eng
041 ## - LANGUAGE CODE
Language code of text/sound track or separate title eng
082 ## - DEWEY DECIMAL CLASSIFICATION NUMBER
Classification number 942.083
Author mark and year ZIT
100 1# - MAIN ENTRY--PERSONAL NAME
Personal name Zimmern, Alfred,
Dates associated with a name 1879-1957.
9 (RLIN) 76088
245 14 - TITLE STATEMENT
Title The third British empire :
Remainder of title being a course of lectures delivered at Columbia University, New York /
Statement of responsibility, etc. by Alfred Zimmern.
250 ## - EDITION STATEMENT
Edition statement 3d ed., rev. and enl.
260 ## - PUBLICATION, DISTRIBUTION, ETC. (IMPRINT)
Place of publication, distribution, etc. London :
Name of publisher, distributor, etc. Oxford University Press, H. Milford,
Date of publication, distribution, etc. 1934.
300 ## - PHYSICAL DESCRIPTION
Pagination xii, 192 p. ;
Size 20 cm.
500 ## - GENERAL NOTE
General note "First edition, October 1926 ... Third edition, October 1934."
650 #0 - SUBJECT ADDED ENTRY--TOPICAL TERM
Topical term or geographic name as entry element Imperial federation.
9 (RLIN) 7461
Topical term or geographic name as entry element International law and relations.
9 (RLIN) 76089
651 #0 - SUBJECT ADDED ENTRY--GEOGRAPHIC NAME
Geographic name Great Britain
General subdivision Colonies.
9 (RLIN) 76090
Geographic name Great Britain
General subdivision Foreign relations
Chronological subdivision 1910-1936
9 (RLIN) 76091
942 ## - ADDED ENTRY ELEMENTS (KOHA)
Source of classification or shelving scheme Dewey Decimal Classification
Koha item type Books
Holdings
Lost status Source of classification or shelving scheme Damaged status Not for loan Collection code Permanent Location Current Location Shelving location Date acquired Source of acquisition Cost, normal purchase price Total Checkouts Full call number Date last seen Copy number Koha item type
  Dewey Decimal Classification   Added to bundle Non-fiction Central Library, University of Rajshahi Central Library, University of Rajshahi Reading Room 24/09/1955 O.U.P. dhaka 6.00   942.083 ZIT 1934 15/03/2014 C-1 Books
  Dewey Decimal Classification   Added to bundle Non-fiction Central Library, University of Rajshahi Central Library, University of Rajshahi Reading Room 22/06/1955 O.U.P 4.30   942.083 ZIT 1934 06/04/2014 C-2 Books